000 00426nam a2200145 i 4500
001 bg
100 1 _aMARTOS, B.
245 0 _aProgramowanie nieliniowe :
_bteoria i metody /
_cB. Martos.
260 _aWarszawa,
_c1983.
040 _cBPK
041 _apol
942 _cKS
008 s pl f |000 0 pol
856 _uhttp://koha.tu.koszalin.pl/cgi-bin/koha/opac-detail.pl?biblionumber=21942
_yKatalog online BPK
999 _c21942
_d21942